000 00559nam a22001817a 4500
005 20230303074413.0
008 230303b |||||||| |||| 00| 0 eng d
020 _a978-971-0445-77-6
082 _aFil. 647.2 L177 2010
100 _aLago, Elpedia M.
_eauthor
245 _aFront office system and procedures /
_cElpedia M. Lago
260 _aManila:
_bMindshapers, Inc.,
_cc2010.
300 _avii, 241p.;
_bill.
504 _aIncludes bibliographies
541 _e4247
650 _aHotel front desk personnel
650 _aHotels and motels - Management
999 _c1566
_d1566